LEADER 00901nam0-22003011i-450- 001 990001876140403321 005 20021010 035 $a000187614 035 $aFED01000187614 035 $a(Aleph)000187614FED01 035 $a000187614 100 $a20021010d--------km-y0itay50------ba 101 0 $aita 200 1 $aStudi sperimentali sulla fecondazione artificiale$fAntonio Pirocchi. 210 $aMilano$c...$d1915. 215 $ap. 71-86$d23 cm 300 $aEstr. da: Annuario della Istituzione Agraria dott. Andrea Ponti, 12,1915 610 0 $aFecondazione artificiale 676 $a636.082 45 700 1$aPirocchi,$bAntonio$073113 801 0$aIT$bUNINA$gRICA$2UNIMARC 901 $aBK 912 $a990001876140403321 952 $a60 MISC. B 163/19$b$fFAGBC 959 $aFAGBC 996 $aStudi sperimentali sulla fecondazione artificiale$9400584 997 $aUNINA DB $aING01 LEADER 01880nam 2200649Ia 450 001 9910788243903321 005 20230725040444.0 035 $a(CKB)3170000000047618 035 $a(OCoLC)787846596 035 $a(CaPaEBR)ebrary10539458 035 $a(SSID)ssj0000726526 035 $a(PQKBManifestationID)11956233 035 $a(PQKBTitleCode)TC0000726526 035 $a(PQKBWorkID)10683914 035 $a(PQKB)11659293 035 $a(MiAaPQ)EBC3327228 035 $a(Au-PeEL)EBL3327228 035 $a(CaPaEBR)ebr10539458 035 $a(EXLCZ)993170000000047618 100 $a20100408d2010 uy 0 101 0 $aswe 181 $ctxt 182 $cc 183 $acr 200 10$aVa?gen ut ur Afghanistan$b[electronic resource] /$fPierre Schori 210 $aStockholm $cLeopard$d2010 215 $a1 online resource (139 p.) 225 0 $aLeopard debatt 300 $aBibliographic Level Mode of Issuance: Monograph 311 $a91-7343-284-9 606 $aSvenska fredsbevarande styrkor$zAfghanistan$2sao 606 $aFredsbevarande operationer 606 $aFN 606 $aSvenska fredsbevarande styrkor 606 $aAfghanistan 606 $aPeacekeeping operations 606 $aUN 606 $aPeacekeeping forces 610 $aAfghanistan 610 $aFredsbevarnade styrkor 615 7$aSvenska fredsbevarande styrkor 615 4$aFredsbevarande operationer. 615 4$aFN. 615 4$aSvenska fredsbevarande styrkor. 615 4$aAfghanistan. 615 4$aPeacekeeping operations. 615 4$aUN. 615 4$aPeacekeeping forces. 676 $a355.357 700 $aSchori$b Pierre$f1938-$01464005 801 0$bMiAaPQ 801 1$bMiAaPQ 801 2$bMiAaPQ 906 $aBOOK 912 $a9910788243903321 996 $aVa?gen ut ur Afghanistan$93673548 997 $aUNINA